000 01206nam a2200337 i 4500
001 000006454
003 DO-SdBNP
005 20260325110155.0
007 ta
008 090831s2002 dr r 000 0 spa d
040 _aDO-SdBNP
_bspa
_cBNPHU
_erda
041 _aspa
082 4 _a347.7293077
_bG373v
_222
100 1 _aGermán M., Mariano,
_d1946-
_eautor
_4aut.
_q(Germán Mejía)
_99311
245 1 0 _aVias de ejecución /
_cMariano Mejía Germán ; prólogo, José A. Tabares del Real.
264 4 _aSanto Domingo :
_bServicios Marka,
_c©2002.
300 _avolumen ;
_c24 cm.
336 _atexto
_btxt
_2rdacontent
337 _asin mediación
_bn
_2rdamedión
338 _avolumen
_bnc
_2rdacarrier
500 _aIncluye datos biográficos del autor en la contracubierta.
500 _aLa biblioteca posee el v. 2
590 _aInventariado, 2018/BT
650 4 _aProcedimiento civil
_913926
650 0 _a Providencias judiciales
_917903
650 4 _aEjecución de sentencia
_917904
650 4 _aEjecución (derecho civil)
_zRepública Dominicana
_913924
700 1 _aTabares del Real, José A.,
_eprologuista
_4pr.
_917905
910 _aValidado. Control de calidad. EMS
942 _2ddc
_cLBS1
999 _c6247
_d6247